|
|
|
|
| LEADER |
00957nam a2200265 a 4500 |
| 001 |
c000021602 |
| 003 |
CARM |
| 005 |
19970509000000.0 |
| 008 |
920409s1930 enk 001 0 eng d |
| 015 |
|
|
|a b8527568
|
| 019 |
1 |
|
|a 8928738
|z 22007150
|z 9362252
|5 LACONCORD2021
|
| 035 |
|
|
|a (OCoLC)1508483
|5 LACONCORD2021
|
| 040 |
|
|
|a ANL
|b eng
|c ANL
|d SL
|
| 043 |
|
|
|a e-uk-en
|
| 050 |
0 |
0 |
|a DA533
|
| 082 |
0 |
4 |
|a 942.081/092/4
|2 19
|
| 100 |
1 |
|
|a Benson, E. F.
|q (Edward Frederic),
|d 1867-1940.
|
| 245 |
1 |
0 |
|a As we were :
|b a Victorian peep-show /
|c E.F. Benson.
|
| 260 |
|
|
|a London :
|b Longmans, Green,
|c 1930.
|
| 300 |
|
|
|a 355 p. ;
|c 23 cm.
|
| 500 |
|
|
|a Includes index.
|
| 651 |
|
0 |
|a England
|x Social life and customs
|y 19th century.
|
| 852 |
8 |
|
|b CARM
|h A2:AF06A0
|i B01800
|p 0054887
|f BK
|
| 999 |
f |
f |
|i 36563f88-885b-55f8-bdff-6b8d83f681a9
|s 9f85f9fb-62a5-550b-998c-082765b594d0
|
| 952 |
f |
f |
|p Can circulate
|a CAVAL
|b CAVAL
|c CAVAL
|d CARM 1 Store
|e B01800
|f A2:AF06A0
|h Other scheme
|i book
|m 0054887
|